000 01133cab a2200409 4500
001 ABS54286
008 090401t1996 xxu||||| |||| 00| 0 eng d
035 _a(Sirsi) u9556
041 _aeng
245 _aEstates Times survey: Kent
260 _c1996
350 _a0
490 _aEstates Times
_v(1309) 26 January 1996, 23-32(10)
650 _aASHFORD
650 _aCANTERBURY
650 _aCHANNEL TUNNEL RAIL LINK
650 _aCHATHAM
650 _aDARTFORD
650 _aINDUSTIAL MARKET
650 _aINFRASTRUCTURE PROJECTS
650 _aKENT THAMESIDE
650 _aKENT
650 _aM20 CORRIDOR
650 _aMAIDSTONE
650 _aMEDWAY TOWNS
650 _aPROPERTY-COMMERCIAL PROPERTY-OFFICE PROPERTY-OFFICE PROPERTY MARKET
650 _aPUBLIC TRANSPORT
650 _aPROPERTY-COMMERCIAL PROPERTY-RETAIL PROPERTY-RETAIL PROPERTY MARKET
650 _aROCHESTER
650 _aSEVENOAKS
650 _aTHAMES GATEWAY
650 _aTONBRIDGE
650 _aTUNBRIDGE WELLS
690 _aPROPERTY-COMMERCIAL PROPERTY-COMMERCIAL PROPERTY MARKET
942 _n0
948 _c04/03/1997
999 _c5987
_d5987